000
00323nam a2200145Ia 4500
100
_a
Eisberg/Robert/ Resnick/R
942
_c
BK
366
_f
20
654
_a
Communication
245
_a
Quantum Physics of atoms
260
_b
Wiley India
_a
New Delhi
_c
1985
082
_a
539/EIS
_b
EIS
546
_a
ENGLISH
999
_c
29860
_d
29860